| 000 | 00893nam a22002537a 4500 | ||
|---|---|---|---|
| 001 | 116810 | ||
| 003 | UA-OsUOA | ||
| 005 | 20251107154944.0 | ||
| 007 | ta | ||
| 008 | 20160405b un ||||| |||| 00| 0 ukr d | ||
| 040 |
_aUA-OsUOA _bukr _cUA-OsUOA _dUA-OsUOA |
||
| 041 | _aukr | ||
| 080 | _a7(091)(477) | ||
| 090 |
_a7(091)(477) _bА90 |
||
| 100 |
_aАсєєв Ю. С. _922830 |
||
| 245 |
_aДжерела. Мистецтво Київської Русі _bнариси з історії українського мистецтва _cЮ. С. Асєєв |
||
| 260 |
_aК. _bМистецтво _c1980 |
||
| 300 |
_a214 с. _bіл. |
||
| 490 | _aНариси історії українського мистецтва | ||
| 650 | 7 |
_a7 Мистецтво. Ігри. Спорт _2UDC _93077 |
|
| 942 |
_cBK _2udc |
||
| 955 | _a2 | ||
| 999 |
_c402736 _d402736 |
||